000 00430nam a22001817a 4500
003 MPLRDC
005 20220104125424.0
008 210129b ||||| |||| 00| 0 eng d
020 _a962-357-635-8
082 _a857.9 LLR v.3
100 _a梁立人
245 _a屠龙记
_c
260 _a
_b明窗出版社
_c
300 _b
490 _a包青天奇案系列. 3
650 _a武侠小说
942 _cBK
_o857.9 LLR v.3
999 _c27233
_d27223